00409nam a22001457a 45000010011000000030009000110050017000200080040000370200015000770400022000921000018001142450064001322600036001963000031002320000078754DO-SdBNP20180201125320.0160524b 1996 a xxu 00| 0 spa d a059042064X aBPMSUbspacBPMSU1 aCutler, Jane 1 aRats! /cJane Cutler ; pyctures by Tracey Campbell Pearson. aNew York : bScholastic.c1996. a114 p. : bil. ; c20 cm.